000 00621nam a2200205Ia 4500
005 20250508164150.0
008 008 250505s9999 xx 000 0 eng d
020 _a0-8204-6844-4
037 _aReference
040 _aFEDL
_beng
_cFEDL
041 _aeng
_2eng
084 _a370.115, PEN
_qFEDL
100 _aPena Roberto A Ed.
_9777565
245 0 _aCommunity and difference: Teaching, pluralism and social justice
260 _aNew York, USA
_bPeter Lang
_c2005
300 _ax,184p
700 _a Guest Kristin...(et...al) Ed.
_9777566
942 _cREF
_h370.115, PEN
999 _c1387410
_d1387410